Poesías / (Registro nro. 35681)
[ vista simple ]
| 000 -CABECERA | |
|---|---|
| Longitud fija campo de control | 00951nam a2200301 a 4500 |
| 003 - • IDENTIFICADOR DELl NÚMERO DE CONTROL | |
| Identificador del número de control | CO-ViMGA |
| 005 - • FECHA Y HORA DE LA ÚLTIMA TRANSACCIÓN | |
| Fecha y hora de la última transacción | 20230915233138.0 |
| 008 - • CÓDIGOS DE INFORMACIÓN DE LONGITUD FIJA | |
| Códigos de información de longitud fija | 150318s2014 ck gr 0001p spa d |
| 020 ## - • NÚMERO INTERNACIONAL NORMALIZADO PARA LIBROS | |
| Número Internacional Normalizado para Libros (ISBN) | 9789587721584 |
| 040 ## - FUENTE DE LA CATALOGACIÓN | |
| Centro catalogador de origen | CO-ViMGA |
| Lengua de catalogación | spa |
| Centro transcriptor | CO-ViMGA |
| 043 ## - CÓDIGO DE ÁREA GEOGRÁFICA | |
| Código de área geográfica | s-ck--- |
| 082 04 - • NÚMERO DE LA CLASIFICACIÓN DECIMAL DEWEY | |
| Número de clasificación (R) | Co 861.5 |
| Número del ítem | V15p |
| Número de edición | 19 |
| 100 1# - • PUNTO DE ACCESO PRINCIPAL-NOMBRE DE PERSONA | |
| Nombre de persona | Valencia, Guillermo, |
| Fechas asociadas al nombre | 1873-1943. |
| 240 10 - • TÍTULO UNIFORME | |
| Título uniforme | <a href="Cauca-Bibliografía regional">Cauca-Bibliografía regional</a> |
| 245 10 - • TITULO PROPIAMENTE DICHO | |
| Título | Poesías / |
| Mención de responsabilidad, etc. | Guillermo Valencia. |
| 300 ## - • DESCRIPCIÓN FÍSICA | |
| Extensión | 75 páginas ; |
| Dimensiones | 15 cm. |
| 490 1# - • MENCIÓN DE SERIE | |
| Mención de serie | El Malpensante |
| 490 1# - • MENCIÓN DE SERIE | |
| Mención de serie | Un libro por centavos ; |
| Designación de volumen o secuencia | 104 |
| 650 14 - • PUNTO DE ACCESO ADICIONAL DE MATERIA - TÉRMINO DE MATERIA | |
| Término de materia o nombre geográfico como elemento inicial | Paganismo |
| Subdivisión de forma | Poesías. |
| 650 14 - • PUNTO DE ACCESO ADICIONAL DE MATERIA - TÉRMINO DE MATERIA | |
| Término de materia o nombre geográfico como elemento inicial | Camellos |
| Subdivisión de forma | Poesías. |
| 650 14 - • PUNTO DE ACCESO ADICIONAL DE MATERIA - TÉRMINO DE MATERIA | |
| Término de materia o nombre geográfico como elemento inicial | Estatuas |
| Subdivisión de forma | Poesías. |
| 650 14 - • PUNTO DE ACCESO ADICIONAL DE MATERIA - TÉRMINO DE MATERIA | |
| Término de materia o nombre geográfico como elemento inicial | Poesía colombiana. |
| 650 14 - • PUNTO DE ACCESO ADICIONAL DE MATERIA - TÉRMINO DE MATERIA | |
| Término de materia o nombre geográfico como elemento inicial | Religiones |
| Subdivisión de forma | Poesías. |
| 650 14 - • PUNTO DE ACCESO ADICIONAL DE MATERIA - TÉRMINO DE MATERIA | |
| Término de materia o nombre geográfico como elemento inicial | Simbolismo |
| Subdivisión de forma | Poesías. |
| 942 ## - ENTRADA DE ELEMENTOS AGREGADOS (KOHA) | |
| Fuente de clasificaión o esquema | Dewey Decimal Classification |
| Perdido | Fuente de clasificación o esquema | Estado Físico | No para préstamo | Forma de adquisición | Localización permanente | Localización actual | Fecha adquisición | Préstamos totales | Signatura completa | Código de barras | Fecha última consulta | Número de copia | Fecha del precio de reemplazo | Tipo de item de Koha | Localización en estanterías |
|---|---|---|---|---|---|---|---|---|---|---|---|---|---|---|---|
| Dewey Decimal Classification | Colección General | Biblioteca Pública Puerto López - Jorge Eliecer Gaitán | Biblioteca Pública Puerto López - Jorge Eliecer Gaitán | 10/28/2025 | Co 861.5 V15p | PLZ03899 | 10/28/2025 | Ej.1 | 10/28/2025 | Libro Literatura | General | ||||
| Dewey Decimal Classification | Sala General Segundo Piso | Biblioteca Pública Germán Arciniegas - Villavicencio | Biblioteca Pública Germán Arciniegas - Villavicencio | 08/24/2016 | Co 861.5 V15p | 30304 | 08/24/2016 | Ej. 1 | 08/24/2016 | LIbro |